01179nam a2200205Ia 4500952011100000952011100111999001700222008004100239020001800280050002400298100003300322245014500355260004300500300003700543500013400580505016300714519004800877650004100925942000700966 00104070a11b11d2010-01-26l3oLB1139 R6629 2009p11 008182r2017-02-03s2017-02-03t1w2012-06-26yLB 00104070a11b11d2010-01-26l4oLB1139 R6629 2009p11 008183r2016-11-05s2016-11-05t2w2012-06-26yLB c72421d72421120626s2009 mx a 000 0 spa d a9786077703118 aLB1139 bR6629 2009 aRomay Morales, Marthaeautor aEvaluación del desarrollo infantil b: Práctica e investigación con el inventario de hábilidades básicas c/ Martha, Romay Morales aMéxico b: Editorial Trillasc, 2009 a167 páginasb: ilustraciones  aIncluye: Indice de contenido, Agradecimientos, Prólogo, Introducción, Bibliografía, Indice onomástico, Indice Analítico aEl desarrollo infantil Evaluación del desarrollo infantil El Inventario de Habilidades Básicas (IHB) Método Resultados y discusión Anexos  aMaterial Complementario / d(11 008182)  0aDESARROLLO INFANTIL xEVALUACIÓN cLB